| 000 | 00473nam a2200181Ia 4500 | ||
|---|---|---|---|
| 001 | 371 | ||
| 005 | 20260306140513.0 | ||
| 008 | 260306t2010||||xx |||||||||||||| ||spa|| | ||
| 041 | _aESP | ||
| 082 |
_a110 _bD61 |
||
| 100 |
_aDescartes, René _eAUT |
||
| 245 | 0 |
_aMeditaciones acerca de la filosofía primera : _bseguidas de las objeciones y respuestas |
|
| 260 | _c2010 | ||
| 300 |
_a628 páginas : _c23 cm. |
||
| 650 | _aGEN | ||
| 654 | _aCHU | ||
| 942 |
_cLIB _dJUS _fJUS _2ddc _n |
||
| 999 |
_c371 _d371 |
||